|
|
|
|
| LEADER |
00000nam0a2200000 4500 |
| 001 |
186044 |
| 005 |
20231101223945.0 |
| 020 |
|
|
|a RU
|b 83-80166
|
| 035 |
|
|
|a (RuTPU)RU\TPU\book\201866
|
| 090 |
|
|
|a 186044
|
| 100 |
|
|
|a 20101022d1982 k y0rusy5003 ca
|
| 101 |
0 |
|
|a rus
|
| 102 |
|
|
|a RU
|
| 105 |
|
|
|a a z 001zy
|
| 200 |
1 |
|
|a Разработка и совершенствование алмазного породоразрушающего инструмента
|e сборник научных трудов
|f Союзгеотехника ; отв. ред. О. С. Головин ; отв. ред. Ю. А. Оношко
|
| 210 |
|
|
|a Москва
|c Союзгеотехника
|d 1982
|
| 215 |
|
|
|a 75 с.
|c ил.
|d 21 см
|
| 320 |
|
|
|a Библиография в конце статей
|
| 330 |
|
|
|a В сборнике дан анализ состояния алмазного бурения и определены направления исследований по созданию высокоэффективного алмазного породоразрушающего инструмента в XI пятилетке, рассмотрены также актуальные вопросы разработки алмазного инструмента на основе новых матричных композиции и совершенствования конструктивных параметров, приведены результаты исследований, направленных на снижение расхода алмазов и улучшение системы нормирования расхода природных и синтетических алмазов при бурении.
|
| 610 |
1 |
|
|a буровые коронки
|
| 610 |
1 |
|
|a алмазные коронки
|
| 610 |
1 |
|
|a породоразрушающие инструменты
|
| 610 |
1 |
|
|a разработка
|
| 610 |
1 |
|
|a совершенствование
|
| 675 |
|
|
|a 622.24.051.64
|z rus
|v 3
|
| 702 |
|
1 |
|a Головин
|b О. С.
|4 340
|
| 702 |
|
1 |
|a Оношко
|b Ю. А.
|4 340
|
| 712 |
0 |
2 |
|a Союзгеотехника
|c Всесоюзное промышленное объединение
|c (Санкт-Петербург)
|2 stltpush
|3 (RuTPU)RU\TPU\col\21563
|9 28065
|
| 801 |
|
0 |
|a RU
|b RuMRKP
|c 19950704
|g psbo
|
| 801 |
|
1 |
|a RU
|b 63413507
|c 20101022
|
| 801 |
|
2 |
|a RU
|b 63413507
|c 20160429
|g RCR
|
| 942 |
|
|
|c BK
|